Memento práctico Francis Lefebvre, fiscal 2025 (Registro nro. 53701)
[ vista simple ]
| 000 -CABECERA | |
|---|---|
| Longitud fija campo de control | 01049nam a2200349 c 4500 |
| 001 - NÚMERO DE CONTROL | |
| Número de control | 53701 |
| 003 - IDENTIFICADOR DE NÚMERO DE CONTROL | |
| Identificador del número de control | ES-MaCES |
| 005 - FECHA Y HORA DE LA ÚLTIMA TRANSACCIÓN | |
| Fecha y hora de la última transacción | 20250508125826.0 |
| 008 - CAMPO FIJO DE DESCRIPCIÓN FIJA--INFORMACIÓN GENERAL | |
| Códigos de información de longitud fija | 250505s2025 sp l ||| | spa d |
| 017 ## - NÚMERO DE REGISTRO DE DERECHOS DE AUTOR Y DEPÓSITO LEGAL | |
| Número de copyright o de depósito legal | M 5332-2025 |
| Agencia que asigna el número | DL |
| 020 ## - ISBN (INTERNATIONAL STANDARD BOOK NUMBER) | |
| Número Internacional Normalizado para Libros (ISBN) | 9788410431188 |
| 040 ## - FUENTE DE CATALOGACIÓN | |
| Centro catalogador de origen | ES-MaCES |
| Lengua de catalogación | spa |
| Centro transcriptor | ES-MaCES |
| 245 00 - MENCIÓN DE TÍTULO | |
| Título | Memento práctico Francis Lefebvre, fiscal 2025 |
| 260 ## - PUBLICACIÓN, DISTRIBUCIÓN, ETC (PIE DE IMPRENTA) | |
| Lugar de publicación, distribución, etc. | Madrid |
| Nombre del editor, distribuidor, etc. | Francis Lefebvre |
| Fecha de publicación, distribución, etc. | 2025 |
| 300 ## - DESCRIPCIÓN FÍSICA | |
| Extensión | 2332 p. |
| Dimensiones | 24 cm |
| 500 ## - NOTA GENERAL | |
| Nota general | Índices |
| 541 ## - NOTA DE LA FUENTE INMEDIANTE DE ADQUISICIÓN | |
| Forma de adquisición | Compra |
| 650 #4 - ASIENTO SECUNDARIO DE MATERIA--TÉRMINO DE MATERIA | |
| Término de materia o nombre geográfico como elemento inicial | sistema tributario |
| 9 (RLIN) | 28092 |
| 650 #4 - ASIENTO SECUNDARIO DE MATERIA--TÉRMINO DE MATERIA | |
| Término de materia o nombre geográfico como elemento inicial | administración fiscal |
| 9 (RLIN) | 27209 |
| 650 #4 - ASIENTO SECUNDARIO DE MATERIA--TÉRMINO DE MATERIA | |
| Término de materia o nombre geográfico como elemento inicial | impuesto |
| 9 (RLIN) | 28086 |
| 650 #4 - ASIENTO SECUNDARIO DE MATERIA--TÉRMINO DE MATERIA | |
| Término de materia o nombre geográfico como elemento inicial | tributación |
| 9 (RLIN) | 28093 |
| 650 #4 - ASIENTO SECUNDARIO DE MATERIA--TÉRMINO DE MATERIA | |
| Término de materia o nombre geográfico como elemento inicial | derecho fiscal |
| 9 (RLIN) | 27162 |
| 650 #4 - ASIENTO SECUNDARIO DE MATERIA--TÉRMINO DE MATERIA | |
| Término de materia o nombre geográfico como elemento inicial | legislación económica |
| 9 (RLIN) | 27161 |
| 650 #4 - ASIENTO SECUNDARIO DE MATERIA--TÉRMINO DE MATERIA | |
| Término de materia o nombre geográfico como elemento inicial | España |
| 9 (RLIN) | 26964 |
| 650 #4 - ASIENTO SECUNDARIO DE MATERIA--TÉRMINO DE MATERIA | |
| Término de materia o nombre geográfico como elemento inicial | 2025 |
| 9 (RLIN) | 31384 |
| 650 #4 - ASIENTO SECUNDARIO DE MATERIA--TÉRMINO DE MATERIA | |
| Término de materia o nombre geográfico como elemento inicial | guía |
| 9 (RLIN) | 29262 |
| 653 10 - TÉRMINO DE INDEXACIÓN--NO CONTROLADO | |
| Término no controlado | Derecho financiero y tributario |
| 710 2# - ENCABEZAMIENTO SECUNDARIO--NOMBRE CORPORATIVO | |
| 9 (RLIN) | 2636 |
| Nombre de entidad o nombre de jurisdicción como elemento inicial | Ediciones Francis Lefebvre |
| Término indicativo de función | ed. |
| 787 0# - ENTRADA DE OTRAS ESPECIFICACIONES | |
| Título | Memento práctico Francis Lefebvre, fiscal 2024 |
| Número de control del registro relacionado | (ES-MaCES)53249 |
| 902 ## - CES. TIPO DE DOCUMENTO | |
| Tipodoc (006$c Sirtex) | LIB Libro |
| 942 ## - ELEMENTOS KOHA | |
| Fuente de clasificaión o esquema | Clasificación propia del CES |
| Koha [por defecto] tipo de item | Monografías |
| Parte de clasificación | Derecho Financiero y Tributario |
| Número de registro | Signatura completa | Tipo de item de Koha |
|---|---|---|
| 203202 | SR-6.0.10.-46 | Monografías |
